000 00767nam a2200205Ia 4500
001 11102
003 GE_BSU
008 181216s||||||||xx |||||||||||||| ||und||
040 _cGE_BSU
080 _a81'374(038)=353.1
100 _aორბელიანი,სულხან-საბა
245 _aლექსიკონი ქართული ორ წიგნად.წ.1.
245 _cრედ.ნ.ჟღენტი;მხატვ.ა.სარჩიმელიძე.
260 _aთბილისი
260 _bსაბჭოთა საქართველო.
260 _c1966.
300 _a632გვ;22სმ.
653 _aლექსიკონი ქართული ორ წიგნად.წ.1.
942 _cBK
999 _c44341
_d44341